000 00454pab a2200181 454500
008 180718b2014 xxu||||| |||| 00| 0 eng d
100 _aMaxwell, Neville
245 _aOn writing India's China war: Some recollections
260 _c2014
300 _ap.13-14.
362 _a12 Apr
650 _aWar
650 _aIndia - Foreign relations - China
650 _aInternational relations
773 _aMainstream
908 _aN
909 _a103648
999 _c103644
_d103644